| 000 | 00861nam0a22002531 4500 | ||
|---|---|---|---|
| 001 | rc\399856 | ||
| 005 | 20250621072416.0 | ||
| 035 | _a(NLR Aleph) 005648751 | ||
| 090 |
_a6748211 _c6748211 |
||
| 100 | _a20030616d1989 |||y0rusy50 ca | ||
| 101 | 0 | _arus | |
| 102 | _aRU | ||
| 105 | _ay ||||||||| | ||
| 200 | 1 |
_aОпыт ведения романовского овцеводства _fЦентр. правл. Всесоюз. науч.-техн. агропром. о-ва |
|
| 210 |
_aМ. _cБ. и. _d1989 |
||
| 215 |
_a56, [1] с. _d21 |
||
| 320 | _aБиблиогр. на 3-й с. обл. (14 назв.) | ||
| 700 | 1 |
_aАйбазов _bО.А. _gОлег Аубекирович |
|
| 701 | 1 |
_aКузнецов _bЮ.И. _gЮрий Иванович |
|
| 801 | 0 |
_aRU _bNLR _gpsbo |
|
| 801 | 1 |
_aRU _bELAR _2rusmarc |
|
| 852 |
_aNLR _j90-6/1210 |
||
| 942 | _cBOOK | ||
| 980 | _aNB | ||